|
|
|
|
| LEADER |
01429nam a2200361 a 4500 |
| 001 |
EBC3012431 |
| 003 |
MiAaPQ |
| 005 |
20200520144314.0 |
| 006 |
m o d | |
| 007 |
cr cn||||||||| |
| 008 |
970312s1997 dcua s i000 0 eng d |
| 010 |
|
|
|z 97210046
|
| 020 |
|
|
|z 1557756384
|
| 035 |
|
|
|a (MiAaPQ)EBC3012431
|
| 035 |
|
|
|a (Au-PeEL)EBL3012431
|
| 035 |
|
|
|a (CaPaEBR)ebr10300194
|
| 035 |
|
|
|a (CaONFJC)MIL384599
|
| 035 |
|
|
|a (OCoLC)923638619
|
| 040 |
|
|
|a MiAaPQ
|c MiAaPQ
|d MiAaPQ
|
| 043 |
|
|
|a awgz---
|a awba---
|
| 050 |
|
4 |
|a HC415.254
|b .R43 1997
|
| 245 |
0 |
0 |
|a Recent economic developments, prospects, and progress in institution building in the West Bank and Gaza Strip
|h [electronic resource] /
|c Milan Zavadjil ... [et al.].
|
| 260 |
|
|
|a Washington, D.C. :
|b Middle Eastern Department, International Monetary Fund,
|c 1997.
|
| 300 |
|
|
|a v, 49 p. :
|b ill.
|
| 533 |
|
|
|a Electronic reproduction. Ann Arbor, MI : ProQuest, 2015. Available via World Wide Web. Access may be limited to ProQuest affiliated libraries.
|
| 650 |
|
0 |
|a Institution building.
|
| 651 |
|
0 |
|a West Bank
|x Economic conditions.
|
| 651 |
|
0 |
|a Gaza Strip
|x Economic conditions.
|
| 655 |
|
4 |
|a Electronic books.
|
| 700 |
1 |
|
|a Zavadjil, Milan.
|
| 710 |
2 |
|
|a International Monetary Fund.
|b Middle Eastern Dept.
|
| 710 |
2 |
|
|a ProQuest (Firm)
|
| 856 |
4 |
0 |
|u https://ebookcentral.proquest.com/lib/matrademy/detail.action?docID=3012431
|z Click to View
|